Le métro de Bruxelles - Statistiques

Statistiques générales
  • Ce quiz a été pris 1 015 fois
  • Le résultat moyen est 33 sur 60
Réponses sur la Carte
Les réponses sont colorées sur une échelle allant du rouge au vert en fonction du pourcentage des utilisateurs qui les ont devinées à leur premier essai. Vous pouvez retrouver ces pourcentages ci-dessous.
 
Statistiques - réponses
Réponse % Correct
Gare de l'Ouest/Weststation
91%
Erasme/Erasmus
87%
Simonis
87%
Stockel/Stokkel
87%
Gare du Midi/Zuidstation
84%
Herrmann-Debroux
84%
Elisabeth
83%
Gare Centrale/Centraal Station
83%
Arts-Loi/Kunst-Wet
80%
De Brouckère
78%
Louise/Louiza
74%
Schuman
74%
Parc/Park
71%
Porte de Namur/Naamsepoort
71%
Merode
69%
Maelbeek/Maalbeek
68%
Porte de Hal/Hallepoort
66%
Sainte-Catherine/Sint-Katelijne
65%
Beekkant
64%
Étangs Noirs/Zwarte Vijvers
64%
Montgomery
64%
Rogier
60%
Roi Baudouin/Koning Boudewijn
59%
Trône/Troon
58%
Alma
57%
Botanique/Kruidtuin
57%
Delta
57%
Comte de Flandre/Graaf van Vlaanderen
55%
Madou
55%
Clemenceau
54%
Heysel/Heizel
54%
Hôtel des Monnaies/Munthof
53%
Joséphine-Charlotte
50%
Roodebeek
49%
Yser/Ijser
48%
CERIA/COOVI
47%
Jacques Brel
47%
Crainhem/Kraainem
46%
Pétillon
46%
Tomberg
45%
Eddy Merckx
44%
Saint-Guidon/Sint-Guido
42%
Thieffry
42%
Belgica
41%
Gribaumont
41%
Hankar
41%
Osseghem/Ossegem
41%
Delacroix
40%
Ribaucourt
40%
Bockstael
38%
La Roue/Het Rad
38%
Pannenhuis
38%
Vandervelde
38%
Beaulieu
35%
Demey
35%
Aumale
34%
Bizet
31%
Veeweyde/Veeweide
30%
Houba-Brugmann
28%
Stuyvenbergh
25%
Aucun quiz correspondant
Distribution des résultats
% des personnes avec chaque résultat
Percentile par nombre de réponses
Votre historique - résultats
Vous n’avez pas pris ce quiz